| 000 | 00509nam a2200217Ia 4500 | ||
|---|---|---|---|
| 003 | OSt | ||
| 005 | 20230426123729.0 | ||
| 008 | 210423s2002 xx 000 0 und d | ||
| 020 | _a9781107625167 | ||
| 040 | _cAL | ||
| 041 | _aeng | ||
| 082 |
_a822.33 _223 _bLIND |
||
| 100 |
_aLINDLEY (David) _993403 |
||
| 245 | _aTempest | ||
| 260 |
_bCambridge University Press _c2002 |
||
| 300 |
_axiii,264 _bPB |
||
| 365 |
_b195 _cINR |
||
| 650 |
_aEnglish Drama _993404 |
||
| 906 | _aTempest | ||
| 942 |
_2ddc _cBK |
||
| 999 |
_c161112 _d161112 |
||